=LDR 00000nam 2200000 4500 =001 INLIS000000000029152 =005 20200615124815 =035 ##$$a 0010-061300000029152 =008 200615################g##########0#ind## =041 ##$$a Ind =082 ##$$a 2x4 =090 ##$$a 2x4, Fat a =100 ##$$a Fatah, Rohadi Abdul =245 1#$$a Analisis fatwa keagamaan dalam fikif islam (edisi kedua) /$c Drs. H. Rohadi Abdul Fatah, M. Ag. =260 ##$$a Jakarta :$b Bumi Aksara,$c 2006 =300 ##$$a xiii, 203 hlm, ; $c 23 x 15 cm. =650 #4$$a Fiqih =850 ##$$a NBPNMAT =020 ##$$a 979-526-045-6 =084 ##$$a 2x4 FAT a =250 ##$$a cet. 1 =990 ##$$a 20800345 =990 ##$$a 20800347 =990 ##$$a 20800344/pb/08